[Event "Grand Pacific op"]
[Site "Victoria CAN"]
[Date "2023.04.10"]
[Round "6.8"]
[White "Villavieja, Butch"]
[Black "Leong, Aiden"]
[Result "1-0"]
[WhiteElo "2209"]
[BlackElo "2009"]
[Annotator "roger"]
[PlyCount "85"]
[EventDate "2023.04.07"]
[EventType "swiss"]
[EventRounds "6"]
[EventCountry "CAN"]

1. e4 c6 2. d4 d5 3. exd5 cxd5 4. c4 Nf6 5. Nc3 e6 6. Nf3 Bb4 7. Qb3 Nc6 8. Bg5
O-O 9. c5 Qa5 10. Bxf6 gxf6 11. Be2 e5 12. O-O Bxc3 13. bxc3 e4 14. Nh4 Qd8 15.
f4 Ne7 16. f5 b6 17. cxb6 Qxb6 18. Qa3 Qc7 19. Rac1 a5 20. c4 Qa7 21. c5 Ba6
22. Bxa6 Qxa6 23. Rb1 Qc4 24. Rbd1 Kh8 25. Rf2 Nc6 26. Qe3 Nb4 27. Qh6 Qa6 28.
Rb2 e3 29. Qxe3 Rfe8 30. Qh6 Re2 31. Rxe2 Qxe2 32. Qxf6+ Kg8 33. Qg5+ Kh8 34.
Rf1 Nd3 35. g3 Rg8 36. Qf6+ Rg7 37. Ng2 Qxa2 38. c6 Qc4 39. Ne3 Qc3 40. Nxd5
Qc4 41. Qd8+ Rg8 42. Qf6+ Rg7 43. c7 {illegible ~7 more moves} 1-0

[Event "Grand Pacific op"]
[Site "Victoria CAN"]
[Date "2023.04.10"]
[Round "6.9"]
[White "Liu, Zachary"]
[Black "Wang, Jerry"]
[Result "0-1"]
[WhiteElo "2117"]
[BlackElo "1980"]
[PlyCount "110"]
[EventDate "2023.04.07"]
[EventType "swiss"]
[EventRounds "6"]
[EventCountry "CAN"]

1. e4 e5 2. Nf3 Nc6 3. Nc3 Nf6 4. d4 exd4 5. Nxd4 Bb4 6. Nxc6 bxc6 7. Bd3 O-O
8. O-O Re8 9. Re1 d5 10. exd5 Rxe1+ 11. Qxe1 cxd5 12. Bd2 Bf8 13. Bg5 Be6 14.
Ne2 h6 15. Bh4 Qd6 16. Bg3 Qb6 17. b3 Re8 18. Be5 Bg4 19. Bc3 Ne4 20. Bd4 Bc5
21. c3 Bxe2 22. Qxe2 Bxd4 23. cxd4 Qxd4 24. Rd1 Qc5 25. Qf3 Nf6 26. h3 Qb4 27.
Qg3 c5 28. Qd6 Qb6 29. Qf4 Qa5 30. a4 Qc3 31. Qf3 Re1+ 32. Rxe1 Qxe1+ 33. Kh2
Qe5+ 34. g3 g6 35. Kg2 Kg7 36. Bb5 Qd4 37. Qe2 Qe4+ 38. Qxe4 Nxe4 39. Bd3 Kf6
40. f4 Ke6 41. Bc2 Nd6 42. Kf3 d4 43. Ke2 Kd5 44. Bd1 c4 45. bxc4+ Kxc4 46. Bc2
Kc3 47. Bd3 Nc4 48. f5 g5 49. Bxc4 Kxc4 50. Kd2 a5 51. g4 Kb4 52. Kd3 Kxa4 53.
Kc4 d3 54. Kc3 Ka3 55. f6 d2 0-1

[Event "Grand Pacific op"]
[Site "Victoria CAN"]
[Date "2023.04.10"]
[Round "6.10"]
[White "Wu, Nathan"]
[Black "Sali, Zulfikar"]
[Result "0-1"]
[WhiteElo "1968"]
[BlackElo "2308"]
[PlyCount "174"]
[EventDate "2023.04.07"]
[EventType "swiss"]
[EventRounds "6"]
[EventCountry "CAN"]

1. d4 Nf6 2. Bf4 d5 3. Nc3 a6 4. e3 c5 5. dxc5 Nc6 6. a3 e5 7. Bg5 d4 8. exd4
Qxd4 9. Bxf6 gxf6 10. Qxd4 Nxd4 11. O-O-O Bf5 12. Bd3 Bxc5 13. Nd5 Bxd3 14.
Rxd3 O-O-O 15. Nxf6 Be7 16. Ng4 e4 17. Rd1 f5 18. Ne5 Rhg8 19. g3 Bg5+ 20. Kb1
Nc6 21. Rxd8+ Rxd8 22. Nh3 Nxe5 23. Nxg5 h6 24. Nh3 Nf3 25. Kc1 Rd2 26. Rf1 Rd6
27. Rd1 Kc7 28. Nf4 Nxh2 29. Nd5+ Kd7 30. Ne3 Rxd1+ 31. Kxd1 Ke6 32. Ke2 Nf3
33. a4 h5 34. Ng2 Kf6 35. Ke3 Kg5 36. b3 Kg4 37. c3 Nh2 38. Ke2 Kg5 39. b4 Nf3
40. Ke3 Ne5 41. Nf4 Nc4+ 42. Ke2 Nb2 43. a5 h4 44. Ne6+ Kf6 45. Nf4 Nd3 46. Nh3
hxg3 47. fxg3 Ke5 48. Ke3 Nb2 49. Nf4 Nc4+ 50. Ke2 Kf6 51. Kf2 Kg5 52. Nd5 Nb2
53. Ne3 Kf6 54. Nd5+ Ke6 55. Nf4+ Kd6 56. Ke3 Nc4+ 57. Kd4 Ne5 58. Ke3 Nc6 59.
Kd2 Ke5 60. Ke3 Ne7 61. c4 Nc6 62. Nd5 Nd4 63. Kd2 Nf3+ 64. Ke3 Nh2 65. Ne7
Ng4+ 66. Ke2 Ke6 67. Nd5 Ne5 68. Nb6 Nc6 69. Nd5 Nd4+ 70. Kd2 Kd6 71. Ke3 Ke5
72. Ne7 Nc2+ 73. Ke2 Nxb4 74. Ng6+ Kf6 75. Nh4 Nc6 76. Ke3 Kg5 77. Ng2 Nxa5 78.
Kd4 Nb3+ 79. Kc3 Nc5 80. Kb4 b6 81. Ne3 Nd7 82. Nd5 Kg4 83. Ne3+ Kxg3 84. Nxf5+
Kf2 85. Kc3 e3 86. Nd6 e2 87. Ne4+ Ke3 0-1

[Event "Grand Tour Leg 1 FM"]
[Site "Calgary CAN"]
[Date "2023.09.19"]
[Round "2"]
[White "Brandt, Kyle"]
[Black "Delloro, Therense"]
[Result "0-1"]
[WhiteElo "966"]
[BlackElo "1324"]
[PlyCount "48"]
[EventDate "2023.09.12"]
[EventType "swiss"]
[EventRounds "5"]
[EventCountry "CAN"]

1. e4 c5 2. Bc4 Nf6 3. Qf3 Nc6 4. Ne2 Ne5 5. Qb3 Nxc4 6. Qxc4 e6 7. d3 Be7 8.
Bg5 b6 9. e5 Nd5 10. Bxe7 Qxe7 11. Nf4 Bb7 12. Nc3 O-O 13. Nfxd5 exd5 14. Nxd5
Qxe5+ 15. Ne3 d5 16. Qb3 d4 17. O-O dxe3 18. f3 Rfe8 19. Rae1 e2 20. Rf2 Qg5
21. Qb5 Qd2 22. Rfxe2 Rxe2 23. Rxe2 Qxe2 24. Qd7 Qe1# 0-1

[Event "Grand Tour Leg 1 FM"]
[Site "Calgary CAN"]
[Date "2023.09.19"]
[Round "2"]
[White "Chan, Allison"]
[Black "Shtepa, Liubov"]
[Result "1-0"]
[WhiteElo "1105"]
[BlackElo "1003"]
[PlyCount "59"]
[EventDate "2023.09.12"]
[EventType "swiss"]
[EventRounds "5"]
[EventCountry "CAN"]

1. e4 e5 2. Nf3 Nc6 3. Bc4 Bc5 4. d3 d6 5. h3 h6 6. O-O Nf6 7. Nc3 O-O 8. Be3
Nd4 9. Bxd4 exd4 10. Na4 Qe7 11. Nxc5 dxc5 12. c3 Rd8 13. Re1 Be6 14. Qb3 dxc3
15. Qxc3 Bxc4 16. Qxc4 b6 17. Rac1 Qd7 18. Red1 Nh5 19. d4 Nf4 20. Rd2 Qc6 21.
dxc5 bxc5 22. Kf1 Rxd2 23. Nxd2 Rd8 24. Nf3 Rd7 25. Ne5 Qd6 26. Nxd7 Qxd7 27.
h4 Qg4 28. g3 Qh3+ 29. Ke1 Qh1+ 30. Kd2 1-0

[Event "Grand Tour Leg 1 FM"]
[Site "Calgary CAN"]
[Date "2023.09.19"]
[Round "2"]
[White "Cole, Mark"]
[Black "Ellis, Cody"]
[Result "1-0"]
[WhiteElo "1275"]
[BlackElo "844"]
[PlyCount "39"]
[EventDate "2023.09.12"]
[EventType "swiss"]
[EventRounds "5"]
[EventCountry "CAN"]

1. e4 e5 2. Nf3 Nc6 3. c3 Qf6 4. d4 Qg6 5. Bd3 Qxg2 6. Ke2 Qg6 7. d5 Nce7 8.
Nxe5 Qh5+ 9. Nf3 f5 10. Re1 Nf6 11. Kf1 Ng4 12. exf5 Nxh2+ 13. Kg2 Nxf3 14.
Qxf3 g6 15. f6 d6 16. fxe7 Bxe7 17. Qe3 Qe5 18. Qxe5 dxe5 19. Rxe5 Bg4 20. Bg5
1-0

[Event "Grand Tour Leg 1 FM"]
[Site "Calgary CAN"]
[Date "2023.09.19"]
[Round "2"]
[White "Huang, Jonas"]
[Black "Yan, Henry"]
[Result "1-0"]
[WhiteElo "1074"]
[BlackElo "959"]
[PlyCount "38"]
[EventDate "2023.09.12"]
[EventType "swiss"]
[EventRounds "5"]
[EventCountry "CAN"]

1. e4 e5 2. Nf3 Nc6 3. Bc4 Bc5 4. b4 Bxb4 5. c3 Bc5 6. d4 exd4 7. cxd4 Bb4+ 8.
Bd2 Bxd2+ 9. Nbxd2 d6 10. Qb3 Qe7 11. O-O a6 12. e5 b5 13. Bd5 Bd7 14. exd6
Qxd6 15. Ne5 Na5 16. Bxf7+ Ke7 17. Qe3 Be6 18. Bxe6 Qxe6 19. Qg5+ Qf6 1-0

[Event "Grand Tour Leg 1 FM"]
[Site "Calgary CAN"]
[Date "2023.09.19"]
[Round "2"]
[White "Li, Ryan"]
[Black "Lee, Michael"]
[Result "1/2-1/2"]
[WhiteElo "1302"]
[BlackElo "1072"]
[PlyCount "76"]
[EventDate "2023.09.12"]
[EventType "swiss"]
[EventRounds "5"]
[EventCountry "CAN"]

1. e4 e5 2. Nf3 Nc6 3. d4 exd4 4. Nxd4 Nf6 5. Nc3 h6 6. Nxc6 bxc6 7. e5 Qe7 8.
Bf4 d5 9. Qe2 Nd7 10. O-O-O g6 11. e6 Qxe6 12. Qxe6+ fxe6 13. Re1 Nb6 14. Be5
Rh7 15. Bd3 Kf7 16. Bxc7 Bb4 17. Be5 Bb7 18. Re3 Rg8 19. Rf3+ Ke7 20. Rf6 Rhg7
21. Rf4 Bxc3 22. Bxc3 Rf7 23. Rxf7+ Kxf7 24. Bd2 g5 25. h4 gxh4 26. Rxh4 Rxg2
27. Bxh6 Rxf2 28. Be3 Rg2 29. Bd4 e5 30. Bxe5 Rg1+ 31. Kd2 Rg2+ 32. Ke1 Nd7 33.
Bc3 c5 34. Bf1 Rg1 35. Kf2 Rg5 36. Rh7+ Ke8 37. Bh3 Bc6 38. Rh8+ Kf7 1/2-1/2

[Event "Grand Tour Leg 1 FM"]
[Site "Calgary CAN"]
[Date "2023.09.19"]
[Round "2"]
[White "Tirman, David"]
[Black "Lodhi, Talha"]
[Result "0-1"]
[WhiteElo "1150"]
[BlackElo "1269"]
[PlyCount "97"]
[EventDate "2023.09.12"]
[EventType "swiss"]
[EventRounds "5"]
[EventCountry "CAN"]

1. e4 e5 2. Nf3 Nc6 3. Bc4 Bc5 4. a3 Nf6 5. Ng5 O-O 6. Nc3 h6 7. h4 a6 8. d3 d6
9. Nd5 Ng4 10. Be3 Nxe3 11. Nxe3 hxg5 12. Qh5 g4 13. Nf5 Bxf5 14. exf5 Nd4 15.
O-O-O b5 16. Ba2 Qf6 17. Qxg4 Qxf5 18. Qxf5 Nxf5 19. g4 Nd4 20. c3 Ne2+ 21. Kc2
c6 22. g5 g6 23. h5 gxh5 24. Rxh5 Kg7 25. Rh6 f5 26. b4 Bb6 27. Rxd6 Nf4 28.
Rxc6 Bxf2 29. d4 Rfc8 30. Rf6 exd4 31. Rxf5 Rxc3+ 32. Kb1 Be3 33. Rf1 Rf8 34.
Re5 Kg6 35. Rh1 Rc1+ 36. Rxc1 Bxc1 37. Rc5 Be3 38. Rc6+ Kxg5 39. Rxa6 d3 40.
Bb3 d2 41. Rd6 Rc8 42. Bc2 Rc3 43. Kb2 Rc4 44. Kb3 Rd4 45. Rxd4 Bxd4 46. a4
bxa4+ 47. Kxa4 Kf6 48. Kb5 Nd5 49. Kc6 0-1

[Event "Grand Tour Leg 1 FM"]
[Site "Calgary CAN"]
[Date "2023.09.26"]
[Round "3"]
[White "Delloro, Therense"]
[Black "Lee, Michael"]
[Result "1/2-1/2"]
[WhiteElo "1324"]
[BlackElo "1072"]
[PlyCount "57"]
[EventDate "2023.09.12"]
[EventType "swiss"]
[EventRounds "5"]
[EventCountry "CAN"]

1. e4 e5 2. Nf3 Nc6 3. Bb5 a6 4. Ba4 Nf6 5. O-O b5 6. Bb3 Be7 7. d3 O-O 8. c3
d5 9. exd5 Nxd5 10. h3 Bf6 11. Nbd2 Na5 12. Bc2 c5 13. Re1 Re8 14. Ne4 Nb7 15.
Nxf6+ Qxf6 16. Bg5 Qd6 17. Qd2 Bf5 18. Nh4 Bd7 19. Nf3 h6 20. Be3 Bc6 21. d4
cxd4 22. cxd4 e4 23. Ne5 Nb4 24. Bb3 Bd5 25. Bf4 Bxb3 26. axb3 Qe7 27. Rac1
Rad8 28. Bg3 Na5 29. Re3 {
I couldn't disceren the next few moves. They drew eventually.} 1/2-1/2

[Event "Grand Tour Leg 1 FM"]
[Site "Calgary CAN"]
[Date "2023.09.26"]
[Round "3"]
[White "Ellis, Cody"]
[Black "Yan, Henry"]
[Result "0-1"]
[WhiteElo "844"]
[BlackElo "959"]
[PlyCount "42"]
[EventDate "2023.09.12"]
[EventType "swiss"]
[EventRounds "5"]
[EventCountry "CAN"]

1. e4 e5 2. Nf3 Nc6 3. Bc4 Bc5 4. h4 Nf6 5. Ng5 O-O 6. c3 d5 7. Bb3 Nxe4 8. d4
exd4 9. Nxe4 dxe4 10. Bg5 Qd6 11. Qc2 d3 12. Qd2 Re8 13. Bf4 Qe7 14. Be3 Bxe3
15. fxe3 Be6 16. Na3 Bxb3 17. axb3 Na5 18. Qd1 d2+ 19. Ke2 Qe6 20. Nc4 Nxc4 21.
bxc4 Qxc4+ 0-1

[Event "Grand Tour Leg 1 FM"]
[Site "Calgary CAN"]
[Date "2023.09.26"]
[Round "3"]
[White "Huang, Jonas"]
[Black "Li, Ryan"]
[Result "1-0"]
[WhiteElo "1074"]
[BlackElo "1302"]
[PlyCount "27"]
[EventDate "2023.09.12"]
[EventType "swiss"]
[EventRounds "5"]
[EventCountry "CAN"]

1. e4 c6 2. d4 d5 3. e5 c5 4. c3 Nc6 5. Nf3 Bg4 6. Be3 Qb6 7. Nbd2 Qxb2 8. Be2
Qxc3 9. Rc1 Qb4 10. Rb1 Qc3 11. Rxb7 Nxd4 12. Qb1 Nxf3+ 13. gxf3 Qxe5 14. Qb5+
1-0

[Event "Grand Tour Leg 1 FM"]
[Site "Calgary CAN"]
[Date "2023.09.26"]
[Round "3"]
[White "Karabanov, Youri"]
[Black "Chan, Allison"]
[Result "1-0"]
[WhiteElo "1031"]
[BlackElo "1105"]
[PlyCount "85"]
[EventDate "2023.09.12"]
[EventType "swiss"]
[EventRounds "5"]
[EventCountry "CAN"]

1. e4 e5 2. Nf3 Nc6 3. Bc4 Bc5 4. d3 d6 5. h3 h6 6. c3 Nf6 7. Nbd2 Be6 8. O-O
O-O 9. b4 Bb6 10. a4 a6 11. Bb2 Qd7 12. Bxe6 fxe6 13. a5 Ba7 14. Nc4 Qe7 15.
Bc1 Nd7 16. Ne3 Rad8 17. Qb3 Qf7 18. Ra2 Nf6 19. Re1 Rfe8 20. b5 axb5 21. Qxb5
Rb8 22. a6 Nd8 23. Nc4 c6 24. Qb2 bxa6 25. Qa1 Qc7 26. Rxa6 Re7 27. Be3 Bxe3
28. Nxe3 Nf7 29. Qa3 Rb6 30. Ra1 Rxa6 31. Qxa6 d5 32. Nd2 Qd6 33. Nb3 Rd7 34.
Rd1 d4 35. Nc4 Qc7 36. Nc5 Re7 37. cxd4 exd4 38. Rb1 Nd8 39. Qa8 Re8 40. Rb8
Kf7 41. Na6 Qe7 42. Ne5+ Kf8 43. Ng6+ 1-0

[Event "Grand Tour Leg 1 FM"]
[Site "Calgary CAN"]
[Date "2023.09.26"]
[Round "3"]
[White "Lodhi, Talha"]
[Black "Vickers, Josh"]
[Result "1-0"]
[WhiteElo "1269"]
[BlackElo "1214"]
[PlyCount "25"]
[EventDate "2023.09.12"]
[EventType "swiss"]
[EventRounds "5"]
[EventCountry "CAN"]
[TimeControl "90+30"]

1. e4 c6 2. Nf3 d5 3. Nc3 dxe4 4. Nxe4 Bf5 5. Ng3 Bg6 6. h4 h6 7. Ne5 Bh7 8.
Qh5 g6 9. Bc4 e6 10. Qe2 Nd7 11. Nxf7 Kxf7 12. Qxe6+ Kg7 13. Qf7# 1-0

[Event "Grand Tour Leg 1 FM"]
[Site "Calgary CAN"]
[Date "2023.09.26"]
[Round "3"]
[White "Vigneshwaran, Vidyuth"]
[Black "Tirman, David"]
[Result "0-1"]
[WhiteElo "960"]
[BlackElo "1150"]
[PlyCount "22"]
[EventDate "2023.09.12"]
[EventType "swiss"]
[EventRounds "5"]
[EventCountry "CAN"]

1. e4 e5 2. Nf3 d6 3. Bc4 Nc6 4. Nc3 h6 5. d3 Nf6 6. Bd2 Be7 7. h3 a6 8. a3 Bd7
9. O-O g5 10. Nh2 Rg8 11. Nd5 g4 {
I can't tell what happened after this. Black won eventually.} 0-1

[Event "Grand Tour Leg 1 FM"]
[Site "Calgary CAN"]
[Date "2023.10.03"]
[Round "4"]
[White "Lee, Michael"]
[Black "Tirman, David"]
[Result "1-0"]
[WhiteElo "1072"]
[BlackElo "1150"]
[PlyCount "35"]
[EventDate "2023.09.12"]
[EventType "swiss"]
[EventRounds "5"]
[EventCountry "CAN"]

1. e4 e5 2. Nf3 d6 3. d4 exd4 4. Nxd4 Bd7 5. Bc4 Nc6 6. O-O Nf6 7. Nc3 Ne5 8.
Bb3 c6 9. Re1 Nfg4 10. h3 Nh6 11. Nf3 Qf6 12. Nxe5 dxe5 13. Rf1 O-O-O 14. Qe2
g5 15. Qe3 Kb8 16. Qxg5 Qxg5 17. Bxg5 Rc8 18. Bf6 1-0

[Event "Grand Tour Leg 1 FM"]
[Site "Calgary CAN"]
[Date "2023.10.03"]
[Round "4"]
[White "Shtepa, Liubov"]
[Black "Ellis, Cody"]
[Result "1-0"]
[WhiteElo "1003"]
[BlackElo "844"]
[PlyCount "41"]
[EventDate "2023.09.12"]
[EventType "swiss"]
[EventRounds "5"]
[EventCountry "CAN"]

1. e4 e5 2. Nf3 Nc6 3. Bc4 Qf6 4. c3 Qg6 5. O-O d6 6. Re1 Bh3 7. Bf1 f5 8. exf5
Bxf5 9. d3 h5 10. Nh4 Qf6 11. Nxf5 Qxf5 12. d4 g5 13. dxe5 Nxe5 14. Bd3 Qf7 15.
Bxg5 Bh6 16. Qd2 Nf6 17. Bxh6 Qd5 18. Bg7 Rg8 19. Bg6+ Kd7 20. Qxd5 Nxd5 21.
Bxe5 1-0

[Event "Grand Tour Leg 1 FM"]
[Site "Calgary CAN"]
[Date "2023.10.03"]
[Round "4"]
[White "Vickers, Josh"]
[Black "Karabanov, Youri"]
[Result "1-0"]
[WhiteElo "1214"]
[BlackElo "1031"]
[PlyCount "131"]
[EventDate "2023.09.12"]
[EventType "swiss"]
[EventRounds "5"]
[EventCountry "CAN"]
[TimeControl "90+30"]

1. d4 Nf6 2. c4 d6 3. Nc3 c6 4. e4 Qa5 5. Bd2 Qc7 6. Nf3 e5 7. d5 Bg4 8. h3
Bxf3 9. Qxf3 Nbd7 10. Be2 Be7 11. Qg3 g6 12. Bh6 Bf8 13. Bxf8 Nxf8 14. f4 N8d7
15. Rf1 O-O-O 16. fxe5 dxe5 17. O-O-O Rhf8 18. Rf3 Nh5 19. Qf2 Qb6 20. Rf1 Qxf2
21. R3xf2 Nf4 22. h4 Nxe2+ 23. Nxe2 f6 24. g4 h6 25. Ng3 Kc7 26. h5 g5 27. Nf5
Nc5 28. Re2 cxd5 29. cxd5 Nd3+ 30. Kc2 Nf4 31. Rd2 Rh8 32. Rf3 Kd7 33. Rc3 Rc8
34. b3 Rc7 35. Kb2 Rxc3 36. Kxc3 Nh3 37. Rd3 Nf2 38. Rf3 Nxe4+ 39. Kd3 Nd6 40.
Nxd6 Kxd6 41. Rxf6+ Kxd5 42. Rf7 b6 43. Rd7+ Ke6 44. Rxa7 Rf8 45. Rh7 Rf3+ 46.
Ke2 e4 47. Rxh6+ Kd5 48. Rxb6 Kd4 49. Rd6+ Ke5 50. Rd7 Rh3 51. b4 Rh2+ 52. Ke3
Rh3+ 53. Kd2 Rh2+ 54. Kc3 Rh3+ 55. Kc2 Kf4 56. Rd4 Kf3 57. b5 e3 58. Rd3 Rh2+
59. Kc3 Kf2 60. b6 e2 61. Rd2 Rh3+ 62. Kc2 Kf1 63. Rxe2 Kxe2 64. b7 Ra3 65.
b8=Q Rxa2+ 66. Kb3 1-0

[Event "Grand Tour Leg 1 FM"]
[Site "Calgary CAN"]
[Date "2023.10.03"]
[Round "4"]
[White "Yan, Henry"]
[Black "Cole, Mark"]
[Result "1-0"]
[WhiteElo "959"]
[BlackElo "1275"]
[PlyCount "23"]
[EventDate "2023.09.12"]
[EventType "swiss"]
[EventRounds "5"]
[EventCountry "CAN"]

1. e4 c6 2. d4 d5 3. e5 Bf5 4. Nf3 e6 5. Nc3 c5 6. Bb5+ Nc6 7. h3 cxd4 8. Nxd4
Nge7 9. Bg5 a6 10. Nxc6 Qc7 11. Nxe7+ axb5 12. Nxf5 1-0

[Event "Grand Tour Leg 1 FM"]
[Site "Calgary CAN"]
[Date "2023.10.03"]
[Round "4"]
[White "Zhang, Finley"]
[Black "Brandt, Kyle"]
[Result "1-0"]
[WhiteElo "1241"]
[BlackElo "966"]
[PlyCount "71"]
[EventDate "2023.09.12"]
[EventType "swiss"]
[EventRounds "5"]
[EventCountry "CAN"]

1. e4 c5 2. Nf3 Nc6 3. d4 e6 4. c3 Nf6 5. Bg5 Be7 6. Bd3 O-O 7. O-O d5 8. e5
Ne4 9. Bxe7 Qxe7 10. Qc2 c4 11. Bxe4 dxe4 12. Qxe4 Bd7 13. Nbd2 b5 14. Qh4 Qxh4
15. Nxh4 Ne7 16. f4 Nd5 17. Ne4 Ne3 18. Rf3 Nf5 19. Nxf5 exf5 20. Nd6 Rab8 21.
Rd1 a5 22. a3 g6 23. h3 Kg7 24. d5 h6 25. h4 a4 26. g3 Rh8 27. Kg2 Kg8 28. Re3
Kg7 29. e6 fxe6 30. dxe6 Bc6+ 31. Kf2 Kf6 32. e7 g5 33. Rde1 Be8 34. Re6+ Kg7
35. Nxf5+ Kf7 36. Nxh6+ 1-0

[Event "Grand Tour Leg 1 FM"]
[Site "Calgary CAN"]
[Date "2023.10.10"]
[Round "5"]
[White "Vickers, Josh"]
[Black "Zhang, Finley"]
[Result "1/2-1/2"]
[WhiteElo "1214"]
[BlackElo "1241"]
[PlyCount "62"]
[EventDate "2023.09.12"]
[EventType "swiss"]
[EventRounds "5"]
[EventCountry "CAN"]
[TimeControl "90+30"]

1. d4 Nf6 2. c4 g6 3. Nc3 Bg7 4. e4 d6 5. Nf3 Bd7 6. Bd3 c5 7. d5 O-O 8. h3 Na6
9. a3 Nc7 10. Be3 a6 11. Qd2 b5 12. Bh6 Rb8 13. Bxg7 Kxg7 14. b4 bxc4 15. Bxc4
cxb4 16. axb4 Rxb4 17. Bd3 Rb6 18. O-O Nb5 19. Rfb1 Nxc3 20. Rxb6 Qxb6 21. Qxc3
Bb5 22. Qb2 Qc5 23. Rc1 Qb6 24. e5 dxe5 25. Nxe5 Rb8 26. Rb1 Qd6 27. Bc4 Rc8
28. Bxb5 axb5 29. Ng4 Qxd5 30. Nxf6 exf6 31. Qxb5 Qxb5 1/2-1/2

[Event "Grand Tour Leg 1 Open"]
[Site "Calgary CAN"]
[Date "2023.09.19"]
[Round "2"]
[White "Sazon, Omar"]
[Black "Wang, April"]
[Result "1-0"]
[WhiteElo "1664"]
[BlackElo "1448"]
[PlyCount "59"]
[EventDate "2023.09.12"]
[EventType "swiss"]
[EventRounds "5"]
[EventCountry "CAN"]

1. d4 d5 2. Nc3 Nf6 3. Bf4 a6 4. e3 Bf5 5. Nf3 e6 6. Bd3 Bg6 7. a3 Be7 8. Ne5
c5 9. dxc5 Bxc5 10. Bg5 Nbd7 11. Nxd7 Qxd7 12. O-O Rc8 13. Qd2 O-O 14. Bxg6
hxg6 15. Bxf6 gxf6 16. Rfd1 Qc7 17. e4 dxe4 18. Nxe4 Be7 19. c3 Rfd8 20. Qh6
Qe5 21. Re1 f5 22. Ng3 Qc5 23. Re2 Bf8 24. Qg5 b5 25. Rae1 Bg7 26. h4 Rd7 27.
h5 Qe7 28. Qxe7 Rxe7 29. hxg6 a5 30. Nxf5 1-0

[Event "Grand Tour Leg 1 Open"]
[Site "Calgary CAN"]
[Date "2023.09.19"]
[Round "2"]
[White "Sheetz, Nathan"]
[Black "Yumen, Rex"]
[Result "0-1"]
[WhiteElo "1392"]
[BlackElo "1863"]
[PlyCount "68"]
[EventDate "2023.09.12"]
[EventType "swiss"]
[EventRounds "5"]
[EventCountry "CAN"]

1. e4 c5 2. Nf3 a6 3. c3 d5 4. exd5 Qxd5 5. c4 Qd8 6. Be2 Nc6 7. O-O g6 8. Nc3
Bg7 9. b3 Nh6 10. Bb2 b6 11. d3 Nf5 12. Qd2 Bh6 13. Qc2 O-O 14. Ne4 Bb7 15.
Rad1 Ncd4 16. Nxd4 Nxd4 17. Bxd4 Qxd4 18. Qc3 Qd8 19. Bf3 Bg7 20. Qd2 Qc7 21.
Rfe1 h6 22. b4 f5 23. Ng3 Bxf3 24. gxf3 e5 25. f4 exf4 26. Ne2 g5 27. bxc5 bxc5
28. Nc3 Rfe8 29. Nd5 Qd6 30. Rb1 Rab8 31. Rxe8+ Rxe8 32. Rb6 Qe5 33. Rxa6 f3
34. Qc1 Qe1+ 0-1

[Event "Grand Tour Leg 1 Open"]
[Site "Calgary CAN"]
[Date "2023.09.19"]
[Round "2"]
[White "Soberov, Emil"]
[Black "Bulga, Tamir"]
[Result "1-0"]
[WhiteElo "2344"]
[BlackElo "1878"]
[PlyCount "161"]
[EventDate "2023.09.12"]
[EventType "swiss"]
[EventRounds "5"]
[EventCountry "CAN"]

1. e4 c5 2. Nc3 e6 3. f4 Nc6 4. Bb5 Nd4 5. Nf3 a6 6. Bd3 Ne7 7. Nxd4 cxd4 8.
Ne2 Nc6 9. O-O b5 10. a3 b4 11. e5 Qb6 12. Ng3 Bb7 13. Ne4 Be7 14. Kh1 h5 15.
c3 b3 16. Qe2 h4 17. h3 f5 18. exf6 gxf6 19. Nf2 f5 20. Bb1 O-O-O 21. Nd3 Rdg8
22. Ne1 Rg3 23. Rf3 Rhg8 24. Rxg3 Rxg3 25. Kh2 Bd6 26. Qf2 Bc5 27. Qf1 Ne7 28.
c4 d3 29. Bxd3 Bf2 30. c5 Bxc5 31. Be2 e5 32. fxe5 Ng6 33. Nf3 Nf4 34. Nxh4 Bf2
35. d4 Nxh3 36. Bf4 Nxf4 37. Qxf2 Nxe2 38. Qxe2 Rg4 39. Nf3 Qh6+ 40. Kg1 Qf4
41. Rf1 Kd8 42. Qd3 Bd5 43. Qc3 Qe4 44. Qd2 Qc2 45. Qxc2 bxc2 46. Kf2 Bxf3 47.
gxf3 Rxd4 48. Rc1 Rd2+ 49. Ke3 Rh2 50. Kd3 Rf2 51. Rxc2 Rxf3+ 52. Kd4 Ke7 53.
Rh2 Rf4+ 54. Kd5 Rf1 55. Rh7+ Ke8 56. Kd6 Rd1+ 57. Kc7 Rc1+ 58. Kb7 Rc6 59. Rh5
f4 60. Rf5 a5 61. Rxf4 Rc5 62. Re4 Rb5+ 63. Ka6 Rxb2 64. Kxa5 Rb8 65. a4 Ke7
66. Ka6 Ke6 67. Rd4 Rb3 68. Rd6+ Ke7 69. a5 Re3 70. Rd5 Ke6 71. Rb5 d5 72. exd6
Kxd6 73. Kb6 Re8 74. Ka7 Rh8 75. Rb8 Rh7+ 76. Kb6 Rh6 77. a6 Kd7+ 78. Kb7 Rh3
79. a7 Rb3+ 80. Ka6 Ra3+ 81. Kb6 1-0

[Event "Grand Tour Leg 1 Open"]
[Site "Calgary CAN"]
[Date "2023.09.19"]
[Round "2"]
[White "Wang, Lucas"]
[Black "Hogg, Daniel"]
[Result "1-0"]
[WhiteElo "1432"]
[BlackElo "1596"]
[PlyCount "37"]
[EventDate "2023.09.12"]
[EventType "swiss"]
[EventRounds "5"]
[EventCountry "CAN"]

1. d4 f5 2. Bf4 Nf6 3. Nf3 e6 4. e3 Be7 5. Be2 O-O 6. Nbd2 b6 7. O-O Bb7 8. Rc1
Nh5 9. Bg3 Nxg3 10. hxg3 Qe8 11. Nb3 d6 12. Re1 Nd7 13. Bc4 Rf6 14. c3 Rh6 15.
Nfd2 Qg6 16. Qe2 Rh5 17. Bxe6+ Kh8 18. Bxd7 Qh6 19. f3 1-0

[Event "Grand Tour Leg 1 Open"]
[Site "Calgary CAN"]
[Date "2023.09.19"]
[Round "2"]
[White "Wu, Jonathan"]
[Black "Carefoot, MacAulay"]
[Result "1-0"]
[WhiteElo "2157"]
[BlackElo "1403"]
[PlyCount "45"]
[EventDate "2023.09.12"]
[EventType "swiss"]
[EventRounds "5"]
[EventCountry "CAN"]

1. e4 e5 2. Nf3 Nc6 3. Bb5 a6 4. Ba4 Nf6 5. O-O Bc5 6. c3 b5 7. Bb3 O-O 8. d4
Bb6 9. Nxe5 Nxe5 10. dxe5 Nxe4 11. Bd5 Nxf2 12. Rxf2 c6 13. Bf3 Qh4 14. Qe2 Re8
15. g3 Qh3 16. Bf4 f6 17. Nd2 fxe5 18. Be3 Bxe3 19. Qxe3 d5 20. Raf1 Bd7 21.
Nb3 h5 22. Nc5 Bg4 23. Bg2 1-0

[Event "Grand Tour Leg 1 Open"]
[Site "Calgary CAN"]
[Date "2023.09.19"]
[Round "2"]
[White "Zhang, Felix"]
[Black "Vasic, Maxim"]
[Result "0-1"]
[WhiteElo "1349"]
[BlackElo "2220"]
[PlyCount "72"]
[EventDate "2023.09.12"]
[EventType "swiss"]
[EventRounds "5"]
[EventCountry "CAN"]

1. e4 c6 2. d4 d5 3. exd5 cxd5 4. c4 Nf6 5. Nf3 e6 6. Nc3 Bb4 7. a3 Bxc3+ 8.
bxc3 Ne4 9. Qc2 Qa5 10. Bd2 Bd7 11. Bd3 Ba4 12. Qb2 Nxd2 13. Nxd2 dxc4 14. Nxc4
Qd5 15. Ne3 Qd7 16. Rb1 b6 17. O-O O-O 18. Nc4 Nc6 19. Be4 Rac8 20. Rfc1 Rfd8
21. Bxc6 Qxc6 22. Ne5 Qd5 23. Qb4 Bc6 24. f3 Be8 25. Qe7 f6 26. Ng4 Rd7 27. Qb4
Rdc7 28. Ne3 Qg5 29. Ng4 h5 30. Nf2 Bg6 31. Ne4 Qe3+ 32. Kh1 Bxe4 33. Re1 Qxc3
34. fxe4 Qxb4 35. axb4 Rc4 36. d5 Kf7 0-1

[Event "Grand Tour Leg 1 Open"]
[Site "Calgary CAN"]
[Date "2023.09.26"]
[Round "3"]
[White "Bulga, Tamir"]
[Black "Michalchuk, Avery"]
[Result "0-1"]
[WhiteElo "1878"]
[BlackElo "1586"]
[PlyCount "98"]
[EventDate "2023.09.12"]
[EventType "swiss"]
[EventRounds "5"]
[EventCountry "CAN"]

1. g3 d5 2. Nf3 Nf6 3. d4 g6 4. Bg2 Bg7 5. b3 c5 6. Bb2 O-O 7. Nbd2 Ne4 8. O-O
Nc6 9. e3 Bg4 10. h3 Bxf3 11. Nxf3 Rc8 12. Ne5 cxd4 13. Nxc6 Rxc6 14. exd4 Qb6
15. c4 e6 16. a4 a5 17. Kh2 f5 18. f3 Nf6 19. c5 Qc7 20. b4 Nh5 21. f4 axb4 22.
a5 Ra8 23. Qa4 Bh6 24. Bc1 Rca6 25. Qxb4 Rxa5 26. Rb1 R8a7 27. Re1 Qd7 28. Rb2
Bf8 29. Rbe2 R5a6 30. Qb3 Nf6 31. Bf1 Ne4 32. Rc2 Ra1 33. Bb5 Qg7 34. Rd1 R7a3
35. Qxa3 Rxa3 36. Bxa3 Qc7 37. Rb1 b6 38. Rbc1 Qa7 39. Bb4 bxc5 40. dxc5 Qc7
41. Ra1 Qb8 42. Ra5 g5 43. Be1 Bxc5 44. Bc6 Qb6 45. Bd7 Bg1+ 46. Kg2 Bc5 47.
Ba4 Qb1 48. Re2 Qd3 49. Kf1 Qf3+ 0-1